Fatos Sobre Jesus Cristo - Statistics

Estatísticas Gerais
  • Esse quiz foi jogado 384 vezes
  • A pontuação média é 17 de 20
Estatísticas das Respostas
Pergunta Resposta % Correto
Nome da Mãe Maria
100%
Quantos foram os apóstolos que andaram com ele? 12
98%
Como morreu? Crucificado
98%
Nome do Pai (humano) José
98%
Foi traido por qual apóstolo? Judas Iscariotes
98%
Após quantos dias ele ressuscitou? 3
97%
Cidade onde foi criado, e que foi associada a seu nome: ''Jesus de ...'' Nazaré
96%
No seu primeiro milagre, ele transformou água em ... Vinho
96%
Cidade onde nasceu Belém de Judá
95%
Segundo a tradição, com quantos anos ele morreu? 33
93%
Qual amigo ele ressuscitou após 4 dias que estava morto? Lázaro
85%
Em qual rio ele foi batizado por João Batista? Jordão
83%
Para qual país seus pais fugiram quando ele era criança? Egito
78%
Qual o nome do ladrão que a multidão preferiu livrar da morte em vez de Jesus? Barrabás
77%
Ele era proclamado por seus seguidores como O ... (título que significa 'o ungido', ou 'o redentor') Messias
73%
Qual prefeito da judeia 'lavou as mãos' ao condenar Jesus à morte? Pôncio Pilatos
72%
Seus pais fugiram para o lugar acima para escapar de qual rei da Judeia? Herodes
64%
Como se diz seu nome em aramaico? Yeshua
63%
Qual o nome do monte onde ele morreu? Gólgota (ou Calvário)
55%
Qual o nome do Jardim onde ele orou e suou gotas de sangue? Getsêmani
46%
Nenhum quiz correspondente encontrado
Distribuição das Pontuações
Porcentagem de Pessoas com Cada Pontuação
Percentil de Números Respondidos
Sua Pontuação Histórica
Você não jogou esse quiz